| 000 | 01888nam0a2200373 4500 | ||
|---|---|---|---|
| 001 | RU\NLR\BIBL_A\011835089 | ||
| 005 | 20181126151830.0 | ||
| 010 |
_a978-5-591022-363-3 _9300 |
||
| 021 |
_aRU _bКН-П-18-071359 _9КН-П-18-5141 |
||
| 035 | _a(NLR Aleph) 011835089 | ||
| 035 | _a(RuMoRGB)009751797 | ||
| 090 |
_a12026053 _c12026053 |
||
| 100 | _a20181022d2018 k y0rusy50 ca | ||
| 101 | 0 | _arus | |
| 102 | _aRU | ||
| 105 | _a cbhz|||000zy | ||
| 200 | 1 |
_aПолковник В.К. Манакин и Саратовский корпус _eэпизод гражданской войны _e[монография] _fА.В. Посадский _g[Ассоциация исследователей российского общества АИРО-XXI, Проект Стивена Коэна и Катрины ванден Хювел] |
|
| 210 |
_aМосква _cАИРО-XXI _d2018 |
||
| 215 |
_a515 с., [12] л. ил., портр., карт., факс. _d23 |
||
| 225 | 1 | _aЭпоха революций в России. XX век | |
| 225 | 1 |
_aСерия "АИРО-Моногрфия" _fпод ред. Г.А. Бордюгова |
|
| 320 | _aБиблиогр. в конце гл. в примеч. | ||
| 600 | 1 |
_aМанакин _bВ.К. _f1887 - 1964 _gВиктор Константинович _92388568 _3RU\NLR\AUTH\6601645116 |
|
| 601 | 0 | 1 |
_aСаратовский корпус _c1918 - 1919 _92388567 _3RU\NLR\AUTH\6601645115 |
| 686 | 1 | _aТ3(2)712.9-497 | |
| 686 | 1 | _aЦ35(2)712-4,2 | |
| 700 | 1 |
_aПосадский _bА. В. _gАлександр Владимирович |
|
| 702 | 1 |
_aМанакин _bВ. К. _f1887-1964 _gВиктор Константинович _4570 |
|
| 942 | _cBOOK | ||
| 980 | _aNBR | ||
| 980 | _aNB | ||